Llwytho...
Tiruvithamcore charitram
| Prif Awdur: | |
|---|---|
| Fformat: | Printed Book |
| Cyhoeddwyd: |
kerala Bhasha Institute, Tvm
1973
|
| Pynciau: |
| LEADER | 00478nam a2200193 4500 | ||
|---|---|---|---|
| 020 | |||
| 082 | |a 08M SAN-T | ||
| 100 | |a Shangunny Menon, P | ||
| 245 | |a Tiruvithamcore charitram | ||
| 250 | |||
| 260 | |a kerala Bhasha Institute, Tvm |c 1973 | ||
| 300 | |||
| 490 | |||
| 500 | |||
| 590 | |||
| 650 | |a General collections in Malayalam | ||
| 942 | |c GIF | ||
| 999 | |c 118238 |d 118238 | ||
| 952 | |0 0 |1 0 |4 0 |6 08M_SANT |7 0 |9 131705 |a ECN |b ECN |l 0 |o 08M SAN-T |p ECNG114 |r 2019-09-25 |w 2019-09-25 |y GIF | ||